00338pab a2200121 454500008004000000100002900040245005000069260000900119300000800128362001100136650003700147773003200184180718b1985 xxu||||| |||| 00| 0 eng d aDe Mello, Diage Lordello aDeveloping local authorities in Latin America c1985 a7-9 aAutumn aLocal Government - Latin America aPlanning and Administration